000 00622cam a22002173a 4500
001 34825
003 PGUSA
005 20140828083742.0
008 110102s2011||||xxu|||||s|||||000 | eng d
040 _aPGUSA
_beng
042 _adc
100 1 _aComfort, Will Levington,
_d1878-1932
245 1 0 _aShe Buildeth Her House
_h[electronic resource] /
_cWill Levington Comfort
260 _bProject Gutenberg,
_c2011
506 _aPublic domain in the USA.
516 _aElectronic text
700 1 _aJustice, Martin
830 0 _aProject Gutenberg
_v34825
856 4 0 _uhttp://www.gutenberg.org/ebooks/34825
942 _cEB
999 _c264080
_d264080